Normal view
MARC view
- Paredes, Paola
Entry Nombre Personal
001 - NUMERO DE CONTROL
- campo de control: 53303
003 - IDENTIFICADOR DE NUMERO DE CONTROL
- campo de control: UPN
005 - FECHA Y HORA DE LA ÜLTIMA TRANSACCIÓN
- campo de control: 20240828125645.0
008 - DATOS DE LONGITUD FIJA
- campo de control de longitud fija: 240828|| acn||aabn | a|a d
040 ## - FUENTE DE CATALOGACIÓN
- Agencia original de catalogación: MX-MxUPN
100 ## - ENCABEZAMIENTO - NOMBRE PERSONAL
- Nombre personal: Paredes, Paola
370 ## - LUGAR ASOCIADO
- Associated country: Chile
373 ## - GRUPO ASOCIADO
- Associated group: Universidad Andrés Bello
670 ## - FUENTE EN LA QUE SE LOCALIZARON DATOS
- Cita de la fuente: En recurso en línea: Revista de la educación superior, vol. 53, no. 209, (2024)
- Información localizada: Página 81 (Paola Paredes)
- Uniform Resource Identifier: http://resu.anuies.mx/ojs/index.php/resu/article/view/2751/681
902 ## - CATALOGADOR
- Catalogador: Leonor Sotres/280824
